Khảo luận xây dựng hệ thống cơ sở dữ liệu quốc gia về dân tộc thiểu số ở Việt Nam : (Sách chuyên khảo)

Tổng quan về hệ thống cơ sở dữ liệu các dân tộc thiểu số Việt Nam. Phân tích các vấn đề thực tiễn và đề xuất giải pháp xây dựng cơ sở dữ liệu các dân tộc thiểu số Việt Nam. Trình bày quy định xây dựng, quản lý, khai thác sử du...

ver descrição completa

Na minha lista:
Detalhes bibliográficos
Autor principal: Bế, Trung Anh
Formato: Livro
Idioma:Undetermined
Publicado em: Hà Nội Khoa học Xã hội 2019
Assuntos:
Tags: Adicionar Tag
Sem tags, seja o primeiro a adicionar uma tag!
Thư viện lưu trữ: Trung tâm Học liệu Trường Đại học Cần Thơ
LEADER 01192nam a2200205Ia 4500
001 CTU_233277
008 210402s9999 xx 000 0 und d
082 |a 305.8009597 
082 |b A107 
100 |a Bế, Trung Anh 
245 0 |a Khảo luận xây dựng hệ thống cơ sở dữ liệu quốc gia về dân tộc thiểu số ở Việt Nam : 
245 0 |b (Sách chuyên khảo) 
245 0 |c Bế Trung Anh (chủ biên) 
260 |a Hà Nội 
260 |b Khoa học Xã hội 
260 |c 2019 
520 |a Tổng quan về hệ thống cơ sở dữ liệu các dân tộc thiểu số Việt Nam. Phân tích các vấn đề thực tiễn và đề xuất giải pháp xây dựng cơ sở dữ liệu các dân tộc thiểu số Việt Nam. Trình bày quy định xây dựng, quản lý, khai thác sử dụng, cập nhật hệ thống cơ sở dữ liệu các dân tộc thiểu số Việt Nam. 
650 |a Dân tộc học,Ethnology 
910 |b vdbang 
980 |a Trung tâm Học liệu Trường Đại học Cần Thơ